000
00299nam a22001337a 4500
008
170914b xxu||||| |||| 00| 0 eng d
020
_a
9780415409285
041
_a
eng
080
_2
4TH
_a
7
100
_a
44
101
_a
ART
245
_a
INTRODUCTION TO FILM STUDIES
_c
NELMES,J
942
_2
udc
_c
BK
999
_c
27733
_d
27733